[Event "Schachfestival 2013 - Open"]
[Site "Bad Woerishofen"]
[Date "2013.03.01"]
[Round "1.3"]
[White "Levin, Felix"]
[Black "Guggenberger, Guido"]
[Result "1-0"]
[WhiteElo "2512"]
[BlackElo "2032"]
[Annotator "chessorg"]
[PlyCount "31"]
[EventDate "2013.??.??"]
[WhiteTeam "Schachverein Muelheim-Nord 1931 e"]
[BlackTeam "SC Tarrasch 45 Muenchen"]

1. d4 d5 2. c4 e6 3. Nf3 c6 4. Qc2 Bb4+ 5. Bd2 Bd6 6. e4 dxe4 7. Qxe4 Nf6 8.
Qh4 Nbd7 9. Nc3 O-O 10. O-O-O Re8 11. Bd3 Nf8 12. Rhe1 Ng6 13. Bxg6 hxg6 14.
Ng5 Bd7 15. Nce4 Be7 16. Nxf6+ 1-0

[Event "Schachfestival 2013 - Open"]
[Site "Bad Woerishofen"]
[Date "2013.03.01"]
[Round "1.8"]
[White "Starostits, Ilmars"]
[Black "Goris, Ton"]
[Result "1-0"]
[WhiteElo "2470"]
[BlackElo "2021"]
[Annotator "chessorg"]
[PlyCount "51"]
[EventDate "2013.??.??"]
[WhiteTeam "SC Schwegenheim"]

1. e4 e6 2. d4 d5 3. Nc3 Bb4 4. exd5 exd5 5. Bd3 Nc6 6. Nf3 Nge7 7. Bg5 f6 8.
Bf4 Bf5 9. O-O O-O 10. Nb5 Bxd3 11. Qxd3 Ba5 12. c3 a6 13. Na3 Qd7 14. Rae1
Rae8 15. Nc2 Qf5 16. Qd2 Ng6 17. Bg3 Qd7 18. h4 Rxe1 19. Rxe1 Re8 20. Ne3 Re4
21. Re2 Qe6 22. Qc2 Qd7 23. Qb3 f5 24. Nxd5 Qf7 25. Rxe4 fxe4 26. Ng5 1-0

[Event "Schachfestival 2013 - Open"]
[Site "Bad Woerishofen"]
[Date "2013.03.01"]
[Round "1.47"]
[White "Kugelmann, Werner"]
[Black "Riedl, Guenter"]
[Result "0-1"]
[WhiteElo "2150"]
[BlackElo "1921"]
[Annotator "chessorg"]
[PlyCount "98"]
[EventDate "2013.??.??"]
[WhiteTeam "SC Lauingen 1925"]
[BlackTeam "SK Marktoberdorf"]

1. e4 e5 2. Nf3 Nc6 3. d4 exd4 4. Bc4 d6 5. Nxd4 Ne5 6. Be2 Nf6 7. Nc3 Be7 8.
O-O O-O 9. h3 a6 10. Be3 Bd7 11. f4 Ng6 12. Qe1 c5 13. Nb3 Bc6 14. Bf3 Qc7 15.
Qg3 b5 16. Rad1 b4 17. Nd5 Nxd5 18. exd5 Bb5 19. Rfe1 Bh4 20. Qg4 Bxe1 21. Rxe1
Rae8 22. h4 Bd7 23. Qg3 Ne7 24. Qf2 Nf5 25. Bd2 Rxe1+ 26. Qxe1 Re8 27. Qf2 Qd8
28. g3 Ba4 29. c3 Bxb3 30. axb3 bxc3 31. bxc3 Qe7 32. Kh2 Nh6 33. Qf1 Qb7 34.
Qc4 Qb5 35. Qxb5 axb5 36. Kg2 f5 37. Kf1 Ng4 38. Be2 c4 39. bxc4 bxc4 40. Ke1
Kf7 41. Bc1 Rc8 42. Kd2 Ke7 43. Bxg4 fxg4 44. Ke3 Ra8 45. f5 Ra1 46. Bd2 Rf1
47. Kd4 Rd1 48. Ke3 Kf6 49. Ke2 Rxd2+ 0-1

[Event "Schachfestival 2013 - Open"]
[Site "Bad Woerishofen"]
[Date "2013.03.01"]
[Round "1.63"]
[White "Baeuml, Ulrich"]
[Black "Pfalzer, Helmut"]
[Result "1-0"]
[WhiteElo "2094"]
[BlackElo "1849"]
[Annotator "chessorg"]
[PlyCount "43"]
[EventDate "2013.??.??"]
[WhiteTeam "SC Dillingen"]
[BlackTeam "Post SV Memmingen"]

1. c4 e5 2. Nc3 Nc6 3. g3 d6 4. Bg2 Be6 5. d3 f5 6. Nf3 Be7 7. Rb1 h6 8. b4 Nf6
9. b5 Na5 10. Qa4 c6 11. Nh4 Rc8 12. Ng6 Rg8 13. Be3 c5 14. b6+ Nc6 15. bxa7
Bd7 16. Rxb7 Na5 17. Rxd7 Nxd7 18. Nxe7 Kxe7 19. a8=Q Rxa8 20. Bxa8 Qxa8 21.
Nd5+ Kd8 22. Bd2 1-0

[Event "Schachfestival 2013 - Open"]
[Site "Bad Woerishofen"]
[Date "2013.03.01"]
[Round "1.51"]
[White "Thonig, Manfred"]
[Black "Dobierzin, Olaf"]
[Result "0-1"]
[WhiteElo "1628"]
[BlackElo "2056"]
[Annotator "chessorg"]
[PlyCount "54"]
[EventDate "2013.??.??"]
[WhiteTeam "SC Starnberg"]
[BlackTeam "Schachgemeinschaft Leipzig"]

1. f4 d5 2. Nf3 Nf6 3. e3 g6 4. d4 Bg7 5. Bd3 O-O 6. O-O b6 7. c3 Bb7 8. Ne5
Nbd7 9. Nd2 c5 10. Ndf3 Qc7 11. Ng5 Nxe5 12. fxe5 Ne4 13. Nxe4 dxe4 14. Bc2 f6
15. Bb3+ Kh8 16. exf6 exf6 17. Bd2 Rad8 18. Be1 f5 19. Bg3 Qe7 20. Qe1 Ba6 21.
Qf2 Bxf1 22. Rxf1 cxd4 23. cxd4 f4 24. Bxf4 g5 25. Bxg5 Qxg5 26. Qe2 Rxf1+ 27.
Kxf1 Bh6 0-1

[Event "Schachfestival 2013 - Open"]
[Site "Bad Woerishofen"]
[Date "2013.03.01"]
[Round "1.88"]
[White "Gerken, Juergen"]
[Black "Hehn, Hartmut"]
[Result "0-1"]
[WhiteElo "1594"]
[BlackElo "2047"]
[Annotator "chessorg"]
[PlyCount "34"]
[EventDate "2013.??.??"]
[WhiteTeam "SC Sottrum"]
[BlackTeam "SV Ebersbach"]

1. d4 Nf6 2. c4 c5 3. d5 e6 4. Nc3 exd5 5. cxd5 d6 6. e4 g6 7. h3 Bg7 8. Nf3
O-O 9. Bd3 b5 10. Bxb5 Nxe4 11. Nxe4 Qa5+ 12. Bd2 Qxb5 13. Nc3 Re8+ 14. Be3
Qxb2 15. Ne2 Qxa1 16. Qxa1 Bxa1 17. O-O Bg7 0-1

[Event "Schachfestival 2013 - Open"]
[Site "Bad Woerishofen"]
[Date "2013.03.01"]
[Round "1.37"]
[White "Astengo, Corrado"]
[Black "Reinke, Kurt"]
[Result "1-0"]
[WhiteElo "2171"]
[BlackElo "1943"]
[Annotator "chessorg"]
[PlyCount "49"]
[EventDate "2013.??.??"]
[WhiteTeam "Societe  Scacchistica Milanese"]
[BlackTeam "Schachgesellschaft Benrath 1924"]

1. e4 c5 2. Nf3 d6 3. d4 cxd4 4. Nxd4 Nf6 5. Nc3 a6 6. Bg5 e6 7. f4 Be7 8. Qf3
Qc7 9. O-O-O b5 10. e5 Bb7 11. Qg3 dxe5 12. fxe5 Ne4 13. Nxe4 Bxe4 14. Bxe7
Qxe7 15. Qxg7 Qf8 16. Qf6 Nd7 17. Qf4 Bd5 18. Nf5 exf5 19. Rxd5 Nb6 20. Rd6 Nc8
21. Qf3 Ra7 22. Qc6+ Ke7 23. Rd2 Qg7 24. Qc5+ Ke6 25. Rd6+ 1-0

[Event "Schachfestival 2013 - Open"]
[Site "Bad Woerishofen"]
[Date "2013.03.01"]
[Round "1.72"]
[White "Schellmann, Frank"]
[Black "Kluegel, Jan"]
[Result "1-0"]
[WhiteElo "2136"]
[BlackElo "1898"]
[Annotator "chessorg"]
[PlyCount "41"]
[EventDate "2013.??.??"]
[WhiteTeam "SG Einheit Halle"]
[BlackTeam "SV VHS Rendsburg"]

1. e4 c6 2. d4 d5 3. e5 Qb6 4. Nf3 Bf5 5. Be2 e6 6. O-O h6 7. c4 dxc4 8. Nbd2
Bd3 9. Nxc4 Bxc4 10. Bxc4 Ne7 11. Qe2 Nd7 12. Rd1 Nd5 13. Rd3 Qc7 14. Bd2 N7b6
15. Bb3 Be7 16. Rc1 Qd8 17. Qe4 h5 18. h4 Rc8 19. Ng5 g6 20. Rg3 c5 21. Nxf7
1-0

[Event "Schachfestival 2013 - Open"]
[Site "Bad Woerishofen"]
[Date "2013.03.01"]
[Round "1.2"]
[White "Bader, Gerd"]
[Black "Teske, Henrik"]
[Result "0-1"]
[WhiteElo "2032"]
[BlackElo "2531"]
[Annotator "chessorg"]
[PlyCount "90"]
[EventDate "2013.??.??"]
[WhiteTeam "SG Schwaebisch Gmuend 1872 e.V"]
[BlackTeam "SC 1950 Remagen"]

1. e4 c5 2. d3 Nf6 3. g3 d5 4. Nd2 Nc6 5. Ngf3 Bg4 6. Bg2 e6 7. O-O Be7 8. Re1
O-O 9. h3 Bh5 10. g4 Bg6 11. Nh4 dxe4 12. Nxg6 hxg6 13. Nxe4 Qc7 14. Be3 b6 15.
Qf3 Nd4 16. Bxd4 cxd4 17. Nxf6+ gxf6 18. Re2 Rac8 19. Qe4 Qd6 20. a3 Rc5 21.
Qb7 Rb8 22. Qa6 f5 23. Qa4 Kg7 24. Rae1 Bf6 25. b4 Rc7 26. Qb3 b5 27. gxf5 gxf5
28. a4 bxa4 29. Qxa4 Rxb4 30. Qa5 Bg5 31. Qa1 Rb5 32. Rb1 Rbc5 33. Rb2 Qf4 34.
Ra2 a5 35. Ra4 Rxc2 36. Rxc2 Rxc2 37. Qxd4+ Qxd4 38. Rxd4 Bd2 39. Ra4 Be1 40.
f3 Kf6 41. f4 Ke7 42. h4 Bb4 43. Ra1 Rd2 44. Bf1 Bc5+ 45. Kh1 Rf2 0-1

[Event "Schachfestival 2013 - Open"]
[Site "Bad Woerishofen"]
[Date "2013.03.01"]
[Round "1.4"]
[White "Neuens, Heiko"]
[Black "Pap, Misa"]
[Result "0-1"]
[WhiteElo "2032"]
[BlackElo "2511"]
[Annotator "chessorg"]
[PlyCount "80"]
[EventDate "2013.??.??"]
[WhiteTeam "SC 1948 Pruem"]
[BlackTeam "Sfr. Korbach"]

1. e4 e5 2. Nf3 Nc6 3. Nc3 g6 4. d4 exd4 5. Nxd4 Bg7 6. Be3 d6 7. Be2 Nf6 8.
Qd2 O-O 9. O-O-O Re8 10. f3 d5 11. Bb5 Bd7 12. exd5 Ne5 13. Bg5 c5 14. dxc6
bxc6 15. Ba4 Qb6 16. Nb3 Rad8 17. Qd4 h6 18. Be3 Nc4 19. Qxc4 Qxe3+ 20. Kb1 Nd5
21. Ne4 Qb6 22. Qc5 f5 23. Nd6 Re2 24. Nc4 Qa6 25. Nba5 Rb8 26. Bb3 Kh7 27. Qd6
Qc8 28. h4 Bf8 29. Qg3 f4 30. Qh2 Qc7 31. Rhe1 Rxe1 32. Rxe1 Bb4 33. Re2 Rf8
34. h5 g5 35. Qg1 Bxa5 36. Nxa5 Qxa5 37. Qd4 Rf7 38. Qe4+ Bf5 39. Qe8 Qc7 40.
Re5 Re7 0-1

[Event "Schachfestival 2013 - Open"]
[Site "Bad Woerishofen"]
[Date "2013.03.01"]
[Round "1.7"]
[White "Hipp, Hermann"]
[Black "Karpatchev, Aleksandr"]
[Result "0-1"]
[WhiteElo "2022"]
[BlackElo "2470"]
[Annotator "chessorg"]
[PlyCount "56"]
[EventDate "2013.??.??"]
[WhiteTeam "SK Marktoberdorf"]
[BlackTeam "SF Bad Mergentheim"]

1. d4 Nc6 2. c4 e5 3. d5 Nce7 4. Nc3 Ng6 5. Nf3 Bb4 6. Bd2 Nf6 7. e3 O-O 8. a3
Bxc3 9. Bxc3 d6 10. Qc2 Bg4 11. Be2 Qd7 12. O-O Rfe8 13. b4 Bf5 14. Qb3 Ne4 15.
Rfd1 Bg4 16. Qc2 Nxc3 17. Qxc3 e4 18. Nd4 Re5 19. Qc2 Rae8 20. Rd2 Rg5 21. Bf1
Nh4 22. Kh1 Qe7 23. Rc1 Rh5 24. f3 exf3 25. g3 Nf5 26. Nxf5 Bxf5 27. Qc3 Qg5
28. Re1 Qxg3 0-1

[Event "Schachfestival 2013 - Open"]
[Site "Bad Woerishofen"]
[Date "2013.03.01"]
[Round "1.9"]
[White "Hess, Max"]
[Black "Skembris, Spyridon"]
[Result "0-1"]
[WhiteElo "2020"]
[BlackElo "2461"]
[Annotator "chessorg"]
[PlyCount "66"]
[EventDate "2013.??.??"]
[WhiteTeam "Post-SV Memmingen"]
[BlackTeam "SK Doppelbauer Kiel"]

1. e4 c5 2. Nf3 Nc6 3. d4 cxd4 4. Nxd4 Qb6 5. Nb3 Nf6 6. Nc3 e6 7. Bd3 d6 8.
O-O a6 9. Qe2 Be7 10. Kh1 Qc7 11. Bd2 b5 12. a3 Nd7 13. f4 Bb7 14. Rae1 Nc5 15.
Qg4 Nxd3 16. cxd3 g6 17. f5 Ne5 18. Qh3 gxf5 19. exf5 Rg8 20. Re2 O-O-O 21. Rc1
Kb8 22. Nd5 Qxc1+ 23. Nxc1 Bxd5 24. Qe3 Nd7 25. Kg1 Rc8 26. Rf2 Bd8 27. fxe6
fxe6 28. Qe1 Ne5 29. d4 Rxg2+ 30. Kf1 Bh4 31. dxe5 Rxf2+ 32. Qxf2 Bxf2 33. Kxf2
Rc2 0-1

[Event "Schachfestival 2013 - Open"]
[Site "Bad Woerishofen"]
[Date "2013.03.01"]
[Round "1.10"]
[White "Zude, Arno"]
[Black "Diller, Peter"]
[Result "1-0"]
[WhiteElo "2461"]
[BlackElo "2019"]
[Annotator "chessorg"]
[PlyCount "99"]
[EventDate "2013.??.??"]
[WhiteTeam "SV 1920 Hofheim"]
[BlackTeam "SK Rothenburg e.V."]

1. e4 e6 2. d4 d5 3. Nd2 c5 4. c3 Nc6 5. Ngf3 Bd6 6. Bd3 Nge7 7. O-O cxd4 8.
cxd4 dxe4 9. Nxe4 b6 10. Bg5 Bb7 11. Qd2 h6 12. Bh4 Bb4 13. Nc3 Qd7 14. a3 Bd6
15. Rfe1 O-O 16. Rad1 Nf5 17. Bxf5 exf5 18. d5 Na5 19. Nd4 Nc4 20. Qc2 f4 21.
Nf5 Rac8 22. Nxd6 Nxd6 23. Be7 Rfe8 24. Bxd6 Qxd6 25. Qa4 Rxe1+ 26. Rxe1 a5 27.
Re8+ Kh7 28. Rxc8 Bxc8 29. Qe8 Bf5 30. h3 f6 31. Qc6 Qd8 32. d6 Kg6 33. Nd5 Kf7
34. Qxb6 Qxb6 35. Nxb6 Ke6 36. d7 Ke7 37. Kf1 f3 38. g4 Be6 39. Kg1 Kd8 40. Kh2
Kc7 41. Kg3 Bxd7 42. Nxd7 Kxd7 43. Kxf3 a4 44. Ke4 Kc6 45. Kd4 Kb5 46. f4 g6
47. Kd5 h5 48. f5 hxg4 49. hxg4 gxf5 50. gxf5 1-0

[Event "Schachfestival 2013 - Open"]
[Site "Bad Woerishofen"]
[Date "2013.03.01"]
[Round "1.11"]
[White "Mattes, Heinz"]
[Black "Belezky, Alexander"]
[Result "0-1"]
[WhiteElo "2019"]
[BlackElo "2446"]
[Annotator "chessorg"]
[PlyCount "62"]
[EventDate "2013.??.??"]
[WhiteTeam "SK Siemens Muenchen"]
[BlackTeam "FC Bayern Muenchen e.V."]

1. d4 Nf6 2. Nf3 e6 3. e3 b6 4. Bd3 Bb7 5. Nbd2 c5 6. b3 Nc6 7. Bb2 cxd4 8.
exd4 Nb4 9. Be2 Nbd5 10. O-O Rc8 11. c4 Nf4 12. Re1 Nxe2+ 13. Qxe2 d5 14. Ne5
Be7 15. Rad1 O-O 16. a3 a5 17. f3 a4 18. bxa4 Ra8 19. Qe3 Rxa4 20. Qb3 Ra7 21.
Nb1 dxc4 22. Qxc4 Qa8 23. Qd3 Bd5 24. Nc3 Bxa3 25. Nb5 Bxb2 26. Nxa7 Qxa7 27.
Rb1 Qa3 28. Re3 Qa2 29. Rd1 Rc8 30. Re2 Qa3 31. Qb5 Bxd4+ 0-1

[Event "Schachfestival 2013 - Open"]
[Site "Bad Woerishofen"]
[Date "2013.03.01"]
[Round "1.13"]
[White "Wimmer, Alfred"]
[Black "Braun, Christian"]
[Result "1-0"]
[WhiteElo "2018"]
[BlackElo "2387"]
[Annotator "chessorg"]
[PlyCount "93"]
[EventDate "2013.??.??"]
[WhiteTeam "SC Moosburg 1956 e.V."]
[BlackTeam "DJK Aufwaerts St. Josef Aachen 19"]

1. d4 Nf6 2. Bf4 c5 3. e3 Qb6 4. Nc3 d6 5. Rb1 Nc6 6. d5 Nb8 7. e4 g6 8. Nf3
Bg7 9. Qd2 O-O 10. Bh6 Bg4 11. Bxg7 Kxg7 12. Be2 Nbd7 13. O-O Rac8 14. Ne1 Bxe2
15. Qxe2 Qa6 16. Qxa6 bxa6 17. Nf3 Rb8 18. Nd2 Nb6 19. Ne2 Rfc8 20. c4 Nbd7 21.
f4 Rb6 22. Nc3 Rcb8 23. b3 Ne8 24. Nf3 e5 25. fxe5 dxe5 26. Rbe1 Nd6 27. Re2 h6
28. Ne1 Re8 29. Ref2 f5 30. exf5 gxf5 31. Nd3 Rbb8 32. Re2 h5 33. Rf3 e4 34.
Rg3+ Kf6 35. Nf4 Rg8 36. Nxh5+ Ke5 37. Rxg8 Rxg8 38. g3 Nf7 39. h4 Nf6 40. Nxf6
Rxg3+ 41. Kf2 Rxc3 42. Nd7+ Kf4 43. Nxc5 Ne5 44. d6 Nd3+ 45. Nxd3+ Rxd3 46. c5
Ke5 47. Rc2 1-0

[Event "Schachfestival 2013 - Open"]
[Site "Bad Woerishofen"]
[Date "2013.03.01"]
[Round "1.15"]
[White "Hamlack, Heinz"]
[Black "Estremera Panos, Sergio"]
[Result "0-1"]
[WhiteElo "2015"]
[BlackElo "2365"]
[Annotator "chessorg"]
[PlyCount "82"]
[EventDate "2013.??.??"]
[WhiteTeam "PSV Memmingen e.V."]

1. d4 Nf6 2. Nf3 e6 3. Nbd2 c5 4. c3 d5 5. e3 b6 6. Bd3 Bb7 7. O-O Bd6 8. Re1
Nc6 9. e4 dxe4 10. Nxe4 cxd4 11. Nxf6+ gxf6 12. cxd4 Bc7 13. Qa4 Qd6 14. d5
Qxd5 15. Be4 b5 16. Qa3 Qd6 17. Qc3 O-O-O 18. Qxf6 Nd4 19. Bxb7+ Kxb7 20. Nxd4
Qxd4 21. Bg5 Rhg8 22. Qf3+ Qd5 23. Qxd5+ Rxd5 24. Be3 Be5 25. Rad1 Rgd8 26.
Rxd5 Rxd5 27. b3 Bc3 28. Rf1 b4 29. g4 Ra5 30. f4 Rxa2 31. f5 a5 32. fxe6 fxe6
33. Rf7+ Kc6 34. Rxh7 a4 35. bxa4 b3 36. Rh5 b2 37. Rb5 Ra1+ 38. Kg2 b1=Q 39.
Rxb1 Rxb1 40. h4 Kd5 41. Kf3 Rb3 0-1

[Event "Schachfestival 2013 - Open"]
[Site "Bad Woerishofen"]
[Date "2013.03.01"]
[Round "1.27"]
[White "Beulertz, Stefan"]
[Black "Thiel, Kuno"]
[Result "0-1"]
[WhiteElo "1971"]
[BlackElo "2239"]
[Annotator "chessorg"]
[PlyCount "78"]
[EventDate "2013.??.??"]
[WhiteTeam "Schachclub Werl 1981 e.V."]
[BlackTeam "Schachverein Hennef 1927 e.V."]

1. e4 e6 2. d4 d5 3. Nc3 Bb4 4. exd5 exd5 5. Bd3 Nf6 6. Nge2 O-O 7. O-O Bg4 8.
f3 Bh5 9. Nf4 Bg6 10. Nxg6 hxg6 11. Ne2 c6 12. c3 Bd6 13. Bf4 Bxf4 14. Nxf4 Qd6
15. Qd2 Nbd7 16. Bc2 Nb6 17. b3 c5 18. Nd3 cxd4 19. cxd4 Rac8 20. Rac1 Nbd7 21.
Kh1 Rfe8 22. Bb1 Nf8 23. Rfe1 Rxc1 24. Rxc1 Ne6 25. Qc3 Nf4 26. Qc5 Qb8 27. g3
b6 28. Qc7 Qxc7 29. Rxc7 Ne6 30. Rxa7 Nxd4 31. Kg2 Re3 32. h3 Nxf3 33. Kf2 d4
34. Ra8+ Kh7 35. Rd8 Ne4+ 36. Kg2 Nfd2 37. Ne5 Re2+ 38. Kg1 Nxg3 39. Nxf7 Nf3#
0-1

[Event "Schachfestival 2013 - Open"]
[Site "Bad Woerishofen"]
[Date "2013.03.01"]
[Round "1.44"]
[White "Lochte, Szilvia"]
[Black "Neumann, Joachim"]
[Result "0-1"]
[WhiteElo "1923"]
[BlackElo "2157"]
[Annotator "chessorg"]
[PlyCount "66"]
[EventDate "2013.??.??"]
[WhiteTeam "SC-Starnberg"]
[BlackTeam "Kieler SG von 1884 / Meerbauer"]

1. d4 Nf6 2. Bf4 g6 3. e3 d6 4. Nf3 Nh5 5. Bg3 Nxg3 6. hxg3 Bg7 7. Be2 Nd7 8.
c4 c5 9. Nc3 cxd4 10. exd4 Nf6 11. Rc1 O-O 12. Rh4 Qa5 13. Kf1 h6 14. Qd2 Re8
15. Bd3 g5 16. Rh1 Bf5 17. d5 Bxd3+ 18. Qxd3 Qc5 19. Rc2 Rac8 20. b3 a6 21. Nd4
Nxd5 22. Nf5 Nb4 23. Qe4 d5 24. Nxd5 Nxd5 25. Rxh6 Nf6 26. Qf3 Bxh6 27. Nxh6+
Kg7 28. Nf5+ Kg6 29. g4 Qc6 30. Qh3 Nxg4 31. Qxg4 e6 32. Nh4+ Kh6 33. Nf3 f6
0-1

[Event "Schachfestival 2013 - Open"]
[Site "Bad Woerishofen"]
[Date "2013.03.01"]
[Round "1.46"]
[White "Fenske, Wolfgang"]
[Black "Comes, Bruno"]
[Result "0-1"]
[WhiteElo "1921"]
[BlackElo "2153"]
[Annotator "chessorg"]
[PlyCount "80"]
[EventDate "2013.??.??"]
[WhiteTeam "Koenigsspr.SC.1984 e.V."]
[BlackTeam "SC 1948 Pruem"]

1. Nf3 f5 2. c4 Nf6 3. d4 e6 4. Nc3 Bb4 5. Qb3 a5 6. a3 Bxc3+ 7. Qxc3 b6 8. g3
Bb7 9. Bg2 O-O 10. O-O d6 11. Bg5 Nbd7 12. b4 Qe8 13. Ne1 Bxg2 14. Kxg2 Ne4 15.
Qc1 axb4 16. Be3 bxa3 17. f3 Nef6 18. Nd3 e5 19. d5 Qg6 20. Rxa3 f4 21. Bf2
fxg3 22. hxg3 Nh5 23. Rh1 e4 24. Rxa8 Rxa8 25. Nb4 exf3+ 26. exf3 Ne5 27. Qc3
Ra4 28. Re1 Nf4+ 29. Kf1 Rxb4 30. Rxe5 Rb1+ 31. Re1 Qd3+ 32. Qxd3 Rxe1+ 33.
Bxe1 Nxd3 34. Bc3 Ne5 35. Bxe5 dxe5 36. Ke2 h5 37. Kd3 Kf7 38. Ke3 Kf6 39. Kd3
g5 40. Ke3 h4 0-1

[Event "Schachfestival 2013 - Senioren"]
[Site "Bad Woerishofen"]
[Date "2013.03.01"]
[Round "1.14"]
[White "Jung, Michael"]
[Black "Ziltener, Werner"]
[Result "0-1"]
[WhiteElo "1815"]
[BlackElo "2022"]
[Annotator "chessorg"]
[PlyCount "112"]
[EventDate "2013.??.??"]
[WhiteTeam "SV Osnabrueck"]

1. c4 c6 2. e4 e6 3. g3 d5 4. cxd5 exd5 5. exd5 Qxd5 6. Qf3 Nf6 7. Bg2 Qe5+ 8.
Qe3 Ng4 9. Qe2 Bc5 10. Qxe5+ Nxe5 11. Be4 f5 12. Bc2 O-O 13. f4 Bxg1 14. fxe5
Bd4 15. Bb3+ Kh8 16. e6 Bxe6 17. Bxe6 Re8 18. Nc3 Rxe6+ 19. Kd1 Nd7 20. Re1
Rxe1+ 21. Kxe1 Re8+ 22. Kd1 Ne5 23. Ne2 Bf2 24. d4 Nd3 25. Kd2 Nxc1 26. Nxc1
Bxd4 27. Nd3 c5 28. Rf1 c4 29. Nf4 Bxb2 30. Kc2 Bf6 31. Nd5 Re2+ 32. Kb1 Rb2+
33. Kc1 Rxa2 34. Rxf5 Ra6 35. g4 h6 36. Nf4 Bg5 37. Kc2 Bxf4 38. Rxf4 b5 39. h4
Rf6 40. Rd4 a6 41. g5 hxg5 42. hxg5 Re6 43. Kc3 Kh7 44. Kb4 Rc6 45. Rd1 Kg6 46.
Rg1 Kf5 47. Ka5 Ke4 48. Rg4+ Kf3 49. Rg1 Kf2 50. Rh1 c3 51. Kb4 c2 52. Rc1 Ke2
53. Kb3 Kd3 54. g6 Kd2 55. Kb2 b4 56. Rg1 c1=Q+ 0-1

[Event "Schachfestival 2013 - Senioren"]
[Site "Bad Woerishofen"]
[Date "2013.03.01"]
[Round "1.21"]
[White "Hein, Manfred"]
[Black "Mahrla, Hans"]
[Result "1-0"]
[WhiteElo "2062"]
[BlackElo "1839"]
[Annotator "chessorg"]
[PlyCount "59"]
[EventDate "2013.??.??"]
[WhiteTeam "FC Gunzenhausen 1910 e.V"]
[BlackTeam "SC Eichenau"]

1. e4 e6 2. d4 d5 3. exd5 exd5 4. Bd3 Nf6 5. Bg5 Be7 6. Nf3 Bg4 7. Nbd2 Nbd7 8.
h3 Bh5 9. Qe2 O-O 10. O-O-O Re8 11. Rde1 c6 12. g4 Bg6 13. Bxg6 fxg6 14. Ne5
Qc7 15. f4 Nxe5 16. dxe5 Nd7 17. h4 Nf8 18. Bxe7 Rxe7 19. f5 gxf5 20. gxf5 Nd7
21. Nf3 Nxe5 22. Ng5 Ng6 23. fxg6 Rxe2 24. gxh7+ Kh8 25. Rxe2 Qf4+ 26. Kb1 Qg4
27. Rf2 Qc4 28. Rhf1 Qb4 29. a3 Qd6 30. Nf7+ 1-0

[Event "Schachfestival 2013 - Senioren"]
[Site "Bad Woerishofen"]
[Date "2013.03.01"]
[Round "1.30"]
[White "Erdmann, Wolfgang"]
[Black "Trefzer, Erhard"]
[Result "0-1"]
[WhiteElo "1760"]
[BlackElo "2071"]
[Annotator "chessorg"]
[PlyCount "74"]
[EventDate "2013.??.??"]
[WhiteTeam "SC Roter Turm Altstadt"]
[BlackTeam "SV Besigheim"]

1. d4 Nf6 2. Nf3 e6 3. e3 b6 4. Bd3 Bb7 5. O-O c5 6. c3 Qc7 7. Nbd2 Nc6 8. a3
Be7 9. e4 d6 10. Qe2 O-O 11. h3 Nd7 12. Re1 Bf6 13. Qe3 a5 14. Nf1 e5 15. d5
Ne7 16. c4 Ng6 17. g3 Bc8 18. N1h2 Re8 19. Qe2 Qd8 20. a4 Ndf8 21. Be3 Bxh3 22.
g4 h6 23. Kh1 h5 24. gxh5 Nf4 25. Bxf4 exf4 26. Ng1 Bd7 27. Ra2 Be5 28. Qf3 Qf6
29. b3 Nh7 30. Nh3 Qh4 31. Bf1 Nf6 32. Bg2 Nxh5 33. Rg1 Kf8 34. Bf1 Ke7 35. Ng4
Bd4 36. Rg2 Rh8 37. Kg1 Ng3 0-1

[Event "Schachfestival 2013 - Senioren"]
[Site "Bad Woerishofen"]
[Date "2013.03.01"]
[Round "1.35"]
[White "Weller, Karl"]
[Black "Floeren, Ernst"]
[Result "1-0"]
[WhiteElo "1990"]
[BlackElo "1748"]
[Annotator "chessorg"]
[PlyCount "51"]
[EventDate "2013.??.??"]
[WhiteTeam "SK Mannheim 1946"]
[BlackTeam "SC Ammersee"]

1. c4 e6 2. e4 Ne7 3. d4 d5 4. e5 dxc4 5. Bxc4 Nbc6 6. Nf3 Nf5 7. Be3 a6 8. O-O
b5 9. Bb3 Bb7 10. Nc3 Be7 11. Rc1 Na5 12. Bc2 Nxe3 13. fxe3 Nc4 14. Qe1 Nxb2
15. Qg3 O-O 16. Ne4 Nc4 17. Nfg5 h6 18. Nh7 Kxh7 19. Rxf7 Rxf7 20. Ng5+ Kg8 21.
Nxf7 Kxf7 22. Qg6+ Kf8 23. Rf1+ Bf6 24. exf6 gxf6 25. Rxf6+ Ke7 26. Qf7+ 1-0

[Event "Schachfestival 2013 - Senioren"]
[Site "Bad Woerishofen"]
[Date "2013.03.01"]
[Round "1.54"]
[White "Dittmann, Heinz"]
[Black "Winter, Bernd"]
[Result "0-1"]
[WhiteElo "1555"]
[BlackElo "1937"]
[Annotator "chessorg"]
[PlyCount "40"]
[EventDate "2013.??.??"]
[WhiteTeam "Schachgemeinschaft Nettetal 1929"]
[BlackTeam "SK Siemens Muenchen"]

1. d4 Nf6 2. c4 g6 3. Nc3 Bg7 4. Nf3 O-O 5. e4 d6 6. Be2 e5 7. dxe5 dxe5 8. O-O
Nbd7 9. Bg5 c6 10. Qc2 Qc7 11. Rfe1 h6 12. Bh4 Re8 13. h3 Nh5 14. Nh2 Nf4 15.
Bf1 Nf8 16. Re3 N8e6 17. Ne2 Nxe2+ 18. Bxe2 f5 19. f3 Nd4 20. Qc1 f4 0-1

[Event "Schachfestival 2013 - Open"]
[Site "Bad Woerishofen"]
[Date "2013.03.01"]
[Round "2.1"]
[White "Fries, Frederik"]
[Black "Epishin, Vladimir"]
[Result "0-1"]
[WhiteElo "2149"]
[BlackElo "2607"]
[Annotator "chessorg"]
[PlyCount "100"]
[EventDate "2013.??.??"]
[WhiteTeam "SC Caissa Schwarzenbach"]
[BlackTeam "Luebecker SV von 1873"]

1. Nf3 b6 2. c4 Bb7 3. Nc3 e6 4. a3 Nf6 5. d4 d6 6. Qc2 c5 7. e4 cxd4 8. Nxd4
Nbd7 9. Be2 Be7 10. O-O O-O 11. Re1 a6 12. Bf1 Rc8 13. h3 Rc7 14. a4 Qa8 15. b3
Nc5 16. f3 Rfc8 17. Qb2 Ncd7 18. Be3 Qb8 19. Rac1 h6 20. Bf2 Rc5 21. Nde2 Qc7
22. Bxc5 bxc5 23. Red1 Ne5 24. Qd2 Rb8 25. Rb1 Nc6 26. g3 Nh5 27. Bg2 Nd4 28.
f4 e5 29. Kh2 Bf6 30. Nxd4 cxd4 31. Nd5 Bxd5 32. exd5 exf4 33. gxf4 Nxf4 34.
Rf1 Be5 35. Kh1 Nh5 36. Rf3 Ng3+ 37. Rxg3 Bxg3 38. Qxd4 Be5 39. Qe3 a5 40. Be4
Re8 41. Rg1 Qc5 42. Qf3 Bf6 43. Rg4 Kf8 44. h4 Re5 45. Kg2 Ke7 46. Kh3 h5 47.
Rg2 Qd4 48. Re2 g6 49. Kg3 Bg7 50. Bd3 f5 0-1

[Event "Schachfestival 2013 - Open"]
[Site "Bad Woerishofen"]
[Date "2013.03.01"]
[Round "2.2"]
[White "Teske, Henrik"]
[Black "Pleyer, Felix"]
[Result "1-0"]
[WhiteElo "2513"]
[BlackElo "2147"]
[Annotator "chessorg"]
[PlyCount "57"]
[EventDate "2013.??.??"]
[WhiteTeam "SC 1950 Remagen"]
[BlackTeam "SC Sonthofen"]

1. Nf3 Nf6 2. c4 g6 3. Nc3 Bg7 4. d4 c5 5. g3 O-O 6. Bg2 d6 7. O-O Nc6 8. dxc5
dxc5 9. Be3 Be6 10. Qa4 Nd4 11. Rad1 Nxf3+ 12. Bxf3 Qc8 13. Qb5 b6 14. Bxa8
Qxa8 15. f3 Bh3 16. Rf2 e6 17. Qb3 h5 18. Qc2 Bf5 19. Qd2 Kh7 20. Bg5 Ng8 21.
g4 hxg4 22. e4 Nh6 23. exf5 Nxf5 24. fxg4 Nd4 25. Rdf1 f5 26. Qd3 fxg4 27. Rxf8
Bxf8 28. Rf7+ Bg7 29. Bf6 1-0